|
|
|
|
| LEADER |
01506nam a2200409Ia 4500 |
| 001 |
EBC168570 |
| 003 |
MiAaPQ |
| 005 |
20200520144314.0 |
| 006 |
m o d | |
| 007 |
cr cn||||||||| |
| 008 |
941019s1995 enka sb 001 0 eng d |
| 010 |
|
|
|z 94023752
|
| 020 |
|
|
|z 0415121191 (hbk.)
|
| 020 |
|
|
|z 0415123852 (pbk.)
|
| 035 |
|
|
|a (MiAaPQ)EBC168570
|
| 035 |
|
|
|a (Au-PeEL)EBL168570
|
| 035 |
|
|
|a (CaPaEBR)ebr10035296
|
| 035 |
|
|
|a (CaONFJC)MIL32525
|
| 035 |
|
|
|a (OCoLC)55641338
|
| 040 |
|
|
|a MiAaPQ
|c MiAaPQ
|d MiAaPQ
|
| 050 |
|
4 |
|a HD2326
|b .F547 1995
|
| 082 |
0 |
4 |
|a 338.5
|2 20
|
| 100 |
1 |
|
|a Langlois, Richard N.
|
| 245 |
1 |
0 |
|a Firms, markets, and economic change
|h [electronic resource] :
|b a dynamic theory of business institutions /
|c Richard N. Langlois and Paul L. Robertson.
|
| 260 |
|
|
|a London ;
|a New York :
|b Routledge,
|c 1995.
|
| 300 |
|
|
|a xii, 185 p. :
|b ill.
|
| 504 |
|
|
|a Includes bibliographical references (p. 164-177) and index.
|
| 533 |
|
|
|a Electronic reproduction. Ann Arbor, MI : ProQuest, 2015. Available via World Wide Web. Access may be limited to ProQuest affiliated libraries.
|
| 650 |
|
0 |
|a Industries.
|
| 650 |
|
0 |
|a Marketing.
|
| 650 |
|
0 |
|a Product life cycle.
|
| 650 |
|
0 |
|a Business enterprises
|v Case studies.
|
| 650 |
|
0 |
|a Product management
|v Case studies.
|
| 655 |
|
4 |
|a Electronic books.
|
| 700 |
1 |
|
|a Robertson, Paul L.
|
| 710 |
2 |
|
|a ProQuest (Firm)
|
| 856 |
4 |
0 |
|u https://ebookcentral.proquest.com/lib/matrademy/detail.action?docID=168570
|z Click to View
|